00399 2200157 4500001002100000005001500021008004100036020002200077035001900099082001000118090001200128100001600140245001700156260004700173300002100220INLIS00000000003015220241224132915241224||||||||| | ||| |||| ||  a978-979-3471-40-2 0010-12240301520 aF ANW aF ANW k0 aRidha Anwar00aKue Dari Ibu aJakarta Selatan.bSenayan Publishingc2007 a14 hlm.; 16,5 cm